[Event "CPX.CA4.27"]
[Site "http://www.queenalice.com/game.php?id=1078428"]
[Date "2012.7.2"]
[Round "-"]
[White "RubensFigueiredo"]
[Black "raszytko"]
[Result "0-1"]
[WhiteElo "1746"]
[BlackElo "2446"]

1. e4 c5 2. c4 Nc6 3. Nf3 e5 4. d3 Nf6 5. Nc3 Be7 6. Be2 d6 7. O-O O-O 8. Nd5
Nxd5 9. exd5 Nb4 10. a3 Na6 11. Bd2 Kh8 12. h3 Bf5 13. Re1 Rb8 14. Rb1 b5 15.
cxb5 Nc7 16. g4 Bd7 17. a4 f5 18. b4 cxb4 19. Rxb4 fxg4 20. hxg4 Nxd5 21. Rb2
Bxg4 22. Nh2 Bxe2 23. Qxe2 Bh4 24. Nf3 Qf6 25. Nxh4 Qxh4 26. Be3 Rf6 27. f3 Rg6+
0-1

[Event "CPX.CA4.28"]
[Site "http://www.queenalice.com/game.php?id=1078432"]
[Date "2012.7.2"]
[Round "-"]
[White "RubensFigueiredo"]
[Black "louco_dog"]
[Result "1-0"]
[WhiteElo "1746"]
[BlackElo "1488"]

1. e4 e5 2. Nf3 Nc6 3. Nc3 Nf6 4. Bc4 Qe7 5. O-O Qc5 6. d3 d6 7. Be3 Qb4 8. Rb1
Ng4 9. Re1 Be6 10. Bxe6 fxe6 11. Bd2 O-O-O 12. a3 Qc5 13. Rf1 d5 14. b4 Qd6 15.
Bg5 Be7 16. Bxe7 Qxe7 17. Re1 d4 18. Nb5 Rhf8 19. c3 dxc3 20. Nxc3 Nd4 21. Nxd4
exd4 22. Nb5 Nxf2 23. Nxa7+ Kb8 24. Qa4 Qh4 25. Rf1 Nxd3 26. g3 Qh3 27. Rxf8
Rxf8 28. Nb5 Nb2 29. Qa7+ Kc8 30. Qa8+ Kd7 31. Qxf8 Nc4 32. Qxg7+ Kc6 33. Rc1
Kxb5 34. Qxc7 Ne3 35. Qa5# 1-0

[Event "CPX.CA4.29"]
[Site "http://www.queenalice.com/game.php?id=1078434"]
[Date "2012.7.2"]
[Round "-"]
[White "RubensFigueiredo"]
[Black "jeffersonpacaembu"]
[Result "0-1"]
[WhiteElo "1743"]
[BlackElo "1401"]

1. e4 e5 2. Nf3 b6 3. Nxe5 Nf6 4. Nc3 c5 5. Bc4 Qe7 6. Nd5 Qxe5 7. Nxf6+ Qxf6 8.
O-O Bb7 9. Re1 Qe5 10. Bd5 Bd6 11. g3 Bc6 12. Bxc6 Nxc6 13. d3 O-O 14. Bf4 Qf6
15. Bxd6 Qxd6 16. f4 Rae8 17. e5 Qd4+ 18. Kg2 Re6 19. c3 Qd5+ 20. Qf3 Qxf3+ 21.
Kxf3 f5 22. Rad1 g5 23. d4 gxf4 24. gxf4 Rh6 25. Rg1+ Kf7 26. dxc5 Rd8 27. cxb6
axb6 28. Rg2 d5 29. a4 d4 30. Rgd2 Rg8 31. cxd4 Rh3+ 32. Ke2 Nxd4+ 33. Rxd4 Rg2+
34. Kf1 Rhxh2 35. Rd7+ Kg6 36. R7d6+ Kh5 37. R6d3 Rxb2 38. Kg1 Rbg2+ 39. Kf1
Rf2+ 40. Ke1 Rxf4 41. R3d2 Re4+ 42. Kf1 Rh3 43. Rf2 Rh1+ 44. Kg2 Rxd1 0-1

[Event "CPX.CA4.20"]
[Site "http://www.queenalice.com/game.php?id=1078528"]
[Date "2012.7.2"]
[Round "-"]
[White "jeffersonpacaembu"]
[Black "RubensFigueiredo"]
[Result "0-1"]
[WhiteElo "1400"]
[BlackElo "1744"]

1. e4 e5 2. Nf3 Nc6 3. c3 Nf6 4. Bd3 Bc5 5. h3 d6 6. c4 Be6 7. Qb3 b6 8. Qb5 Bd7
9. Qb3 Nd4 10. Nxd4 Bxd4 11. Na3 a5 12. g4 Bc6 13. g5 Nxe4 14. Bxe4 Bxe4 15. Rg1
f6 16. gxf6 Qxf6 17. Rg4 Qxf2+ 0-1

[Event "CPX.CA4.15"]
[Site "http://www.queenalice.com/game.php?id=1079648"]
[Date "2012.7.5"]
[Round "-"]
[White "louco_dog"]
[Black "RubensFigueiredo"]
[Result "0-1"]
[WhiteElo "1482"]
[BlackElo "1752"]

1. e4 e5 2. Nf3 Nc6 3. b3 Nf6 4. Nc3 Bc5 5. Bc4 a6 6. Ng5 Rf8 7. g4 h6 8. Nxf7
Qe7 9. O-O d6 10. Bb2 Be6 11. g5 hxg5 12. Nxg5 Bxc4 13. bxc4 Bd4 14. Nd5 Nxd5
15. Bxd4 exd4 16. Qh5+ Kd7 17. exd5 Ne5 18. Rae1 Rh8 19. Nh7 Qf7 20. Qh3+ Ke8
21. f4 Qg6+ 22. Kf2 Rxh7 23. f5 Rxh3 24. fxg6 Rxh2+ 25. Kg3 Rxd2 26. c5 Rxc2 27.
cxd6 cxd6 28. Rf2 Rc3+ 29. Kf4 Kd7 30. Kf5 Rf8+ 31. Ke4 Rxf2 32. Kxd4 Rc4+ 33.
Ke3 Rf3+ 34. Ke2 Ra4 35. Ra1 Rh3 36. Kd2 Rg4 37. Rd1 Rg2+ 38. Kc1 Nd3+ 39. Kb1
Nb4 40. Rf1 Nxd5 41. Rf7+ Ke6 42. Rxg7 Rh1# 0-1

[Event "Challenge"]
[Site "http://www.queenalice.com/game.php?id=1088049"]
[Date "2012.7.28"]
[Round "-"]
[White "plot24"]
[Black "RubensFigueiredo"]
[Result "1-0"]
[WhiteElo "1805"]
[BlackElo "1757"]

1. d4 d5 2. c4 dxc4 3. e4 Nf6 4. Nc3 Nc6 5. d5 Ne5 6. Nf3 Nxf3+ 7. gxf3 h6 8.
Bxc4 e6 9. Bf4 Bd6 10. Bxd6 Qxd6 11. dxe6 Qxd1+ 12. Rxd1 Bxe6 13. Bxe6 fxe6 14.
O-O O-O 15. h4 g5 16. hxg5 hxg5 17. e5 Nh5 18. Kg2 Rf7 19. Ne4 Rg7 20. Rg1 Nf4+
21. Kf1 Nh3 22. Rh1 g4 23. fxg4 Ng5 24. Nf6+ Kf7 25. Rd7+ Kg6 26. Rxg7+ Kxg7 27.
f4 Ne4 28. Nxe4 Rf8 29. Nf6 Kg6 30. Ke2 Rd8 31. Rd1 Rh8 32. Kd3 Rh2 33. Rd2 Rh3+
34. Kc4 Rf3 35. Nh5 1-0

[Event "Ruu X Rub"]
[Site "http://www.queenalice.com/game.php?id=1099110"]
[Date "2012.9.3"]
[Round "-"]
[White "RubensFigueiredo"]
[Black "Ruusgugg"]
[Result "1-0"]
[WhiteElo "1713"]
[BlackElo "1021"]

1. e4 Nf6 2. Nc3 e6 3. d4 Bb4 4. Bd2 d5 5. e5 Nfd7 6. a3 Ba5 7. b4 Bb6 8. Be3
Nc6 9. Nf3 O-O 10. Bd3 a6 11. Bg5 Qe8 12. O-O f6 13. exf6 Nxf6 14. Be3 e5 15.
dxe5 Bxe3 16. fxe3 Ng4 17. Nxd5 Qd7 18. Bc4 b5 19. Nb6+ Rf7 20. Nxd7 bxc4 21. h3
Nxe3 22. Qe2 Nxf1 23. e6 Re7 24. Rxf1 Bb7 25. Qxc4 Rf8 26. Nxf8 Re8 27. e7+ Kh8
28. Qf7 Rxe7 29. Qh5 Kg8 30. Ng5 Ne5 31. Qxh7# 1-0

[Event "CPX.CO4.10"]
[Site "http://www.queenalice.com/game.php?id=1149932"]
[Date "2013.2.8"]
[Round "-"]
[White "RubensFigueiredo"]
[Black "raszytko"]
[Result "0-1"]
[WhiteElo "1717"]
[BlackElo "2439"]

1. e4 c5 2. Nf3 d6 3. Nc3 a6 4. Bc4 e5 5. O-O Be7 6. d3 Nf6 7. Re1 Nc6 8. Ng5
O-O 9. Bxf7+ Rxf7 10. Nxf7 Kxf7 11. Nd5 Bg4 12. f3 Be6 13. Nxe7 Kxe7 14. a3 Qe8
15. b4 cxb4 16. axb4 Nxb4 17. Ba3 Nc6 18. c4 Qb8 19. c5 dxc5 20. Bxc5+ Ke8 21.
Bb6 Qd6 22. Qc2 Nb4 23. Qc7 Qxc7 24. Bxc7 Rc8 25. Bxe5 Nxd3 26. Red1 Nxe5 27.
Rd6 Ke7 28. Rad1 Bb3 29. R1d4 Nc4 30. R6d5 Nxd5 31. Rxd5 b5 32. Kf2 Bc2 33. g4
b4 34. Rh5 b3 35. Rxh7 Kf7 36. Rh5 b2 0-1

[Event "CPX.CO4.07"]
[Site "http://www.queenalice.com/game.php?id=1150096"]
[Date "2013.2.9"]
[Round "-"]
[White "jeffersonpacaembu"]
[Black "RubensFigueiredo"]
[Result "0-1"]
[WhiteElo "1432"]
[BlackElo "1715"]

1. e4 e5 2. b3 Nf6 3. Nc3 Nc6 4. Nf3 Bc5 5. h4 d6 6. Bb2 Ng4 7. Qe2 Nd4 8. Nxd4
Bxd4 9. Na4 Bxb2 10. Nxb2 f5 11. f3 Nh6 12. Nc4 fxe4 13. fxe4 Bg4 14. Qf2 d5 15.
Nxe5 Be6 16. Be2 dxe4 17. Qg3 Nf5 18. Qf4 h6 19. Qxe4 Ng3 20. Qg6+ Kf8 0-1

[Event "CPX.CO4.03"]
[Site "http://www.queenalice.com/game.php?id=1151750"]
[Date "2013.2.14"]
[Round "-"]
[White "louco_dog"]
[Black "RubensFigueiredo"]
[Result "0-1"]
[WhiteElo "1489"]
[BlackElo "1722"]

1. e4 e5 2. Nc3 Nc6 3. g3 Nf6 4. Bh3 Bc5 5. Qf3 d6 6. d3 Bxh3 7. Nxh3 Nd4 8. Qd1
Qd7 9. Bg5 h6 10. Bxf6 gxf6 11. Qh5 Nxc2+ 12. Kd2 Nxa1 13. Rxa1 O-O-O 14. a3 Bd4
15. Nd5 Qe6 16. Rc1 c6 17. Nb4 Bxb2 18. Rc2 Bxa3 19. Na2 d5 20. Rc3 Qd6 21. Qxf7
Rd7 22. Qg6 d4 23. Rc4 b5 24. Rc2 Bb4+ 25. Nxb4 Qxb4+ 26. Kd1 Qd6 27. Qg4 h5 28.
Qe2 Qe6 29. Ng1 Qg4 30. f3 Qe6 31. Qd2 h4 32. Rc5 hxg3 33. h3 Kc7 34. Qa5+ Kd6
35. Qb4 a5 36. Qa3 Ra7 37. Rxb5+ Kc7 38. Rxa5 Rxa5 39. Qxa5+ Kd6 40. Qa1 Qb3+
41. Ke2 Qc2+ 42. Ke1 Rb8 43. Qa3+ Kd7 44. Qa7+ Kc8 45. Qa6+ Rb7 46. Qa8+ Kc7 47.
Qa5+ Kd7 48. Qd2 Rb1+ 49. Ke2 Qxd2+ 50. Kxd2 Rxg1 51. Ke2 Rh1 52. Kd2 Rh2+ 53.
Kc1 g2 54. Kc2 g1=Q+ 55. Kb3 Qc1 56. f4 Rb2+ 57. Ka3 Qa1# 0-1

[Event "Challenge"]
[Site "http://www.queenalice.com/game.php?id=1157135"]
[Date "2013.3.3"]
[Round "-"]
[White "RubensFigueiredo"]
[Black "Ludi"]
[Result "1-0"]
[WhiteElo "1720"]
[BlackElo "1340"]

1. e4 Nf6 2. Nc3 Nc6 3. Nf3 e5 4. Bc4 Bc5 5. d3 Ng4 6. O-O Na5 7. Be3 b6 8. Bxc5
bxc5 9. Ng5 Qxg5 10. Nd5 Qh6 11. h3 Qh4 12. Nxc7+ Kf8 13. Nxa8 h5 14. f3 Ne3 15.
Qe1 Qg5 16. Qd2 d6 17. g4 hxg4 18. fxg4 Rxh3 19. Rxf7+ Ke8 20. Nc7+ Kd8 21. Ne6+
Bxe6 22. Qxa5+ Ke8 23. Bxe6 Rg3+ 24. Kf2 Rg2+ 25. Kf3 Qf4+ 26. Rxf4 exf4 27.
Qxa7 Rg3+ 28. Kxf4 Rh3 29. Rg1 Nxc2 30. Qxg7 Nd4 31. Bd7+ Kd8 32. Rg2 Rf3+ 33.
Kg5 Kc7 34. Rh2 c4 35. dxc4 d5 36. Qxd4 dxe4 37. Qxe4 Rf5+ 38. Qxf5 Kb8 39. Rh7
Ka7 40. Qe6 Kb7 41. Bb5+ Kb8 42. Qe8# 1-0

[Event "Jogo da honra"]
[Site "http://www.queenalice.com/game.php?id=1164014"]
[Date "2013.3.23"]
[Round "-"]
[White "jeffersonpacaembu"]
[Black "RubensFigueiredo"]
[Result "1-0"]
[WhiteElo "1445"]
[BlackElo "1711"]

1. e4 e5 2. b3 Nf6 3. Nc3 Nc6 4. Nf3 Bc5 5. h4 d6 6. Bb2 Ng4 7. Qe2 Nd4 8. Nxd4
Bxd4 9. Na4 Bxb2 10. Nxb2 f5 11. f3 Nh6 12. Nc4 fxe4 13. fxe4 Bg4 14. Qf2 d5 15.
Nxe5 Be6 16. Be2 dxe4 17. Qg3 Nf5 18. Qf4 h6 19. Qxe4 Ng3 20. Qg6+ Kf8 21. Qxg3
Rg8 22. Rf1+ Ke7 23. Ba6 Bd5 24. Bc4 Bxc4 25. bxc4 Qe8 26. O-O-O g5 27. Rde1 Qa4
28. Nd3+ Kd7 29. Nc5+ 1-0

[Event "CPX.TR3.03"]
[Site "http://www.queenalice.com/game.php?id=1165991"]
[Date "2013.3.29"]
[Round "-"]
[White "RubensFigueiredo"]
[Black "raszytko"]
[Result "0-1"]
[WhiteElo "1739"]
[BlackElo "2447"]

1. e4 d5 2. Nc3 d4 3. Nb5 a6 4. Na3 Nc6 5. c3 Nf6 6. Nf3 dxc3 7. bxc3 Nxe4 8.
Bd3 Qxd3 9. Qe2 Qxe2+ 10. Kxe2 g5 11. Nc4 Bg7 12. d4 Be6 13. Nce5 Nxc3+ 14. Kd2
Nxe5 15. Kxc3 Nxf3 16. gxf3 c5 17. Be3 cxd4+ 18. Bxd4 Rc8+ 19. Kd3 Rd8 20. Ke2
Bc4+ 21. Ke3 Bxd4+ 0-1

[Event "CPX.TR3.02"]
[Site "http://www.queenalice.com/game.php?id=1166910"]
[Date "2013.4.1"]
[Round "-"]
[White "louco_dog"]
[Black "RubensFigueiredo"]
[Result "1-0"]
[WhiteElo "1480"]
[BlackElo "1737"]

1. e4 e5 2. Nc3 Nf6 3. d3 Nc6 4. Bg5 Be7 5. Bxf6 Bxf6 6. Nd5 Bg5 7. Nf3 Nd4 8.
Nxe5 d6 9. Nc4 c6 10. c3 cxd5 11. Qa4+ Nc6 12. exd5 a6 13. h4 Bxh4 14. dxc6 bxc6
15. Qxc6+ Bd7 16. Qxd6 Qe7+ 17. Qxe7+ Bxe7 18. O-O-O O-O 19. Ne5 Bf5 20. g4 f6
21. Nc6 Bxg4 22. Nxe7+ Kf7 23. Re1 Rfe8 24. Bg2 Ra7 25. Bd5+ Kf8 26. Rxh7 Be6
27. Bxe6 1-0

[Event "Challenge"]
[Site "http://www.queenalice.com/game.php?id=1167149"]
[Date "2013.4.1"]
[Round "-"]
[White "RubensFigueiredo"]
[Black "zmanomega"]
[Result "1-0"]
[WhiteElo "1729"]
[BlackElo "1584"]

1. e4 e5 2. Nf3 d6 3. Nc3 c6 4. d3 Nf6 5. Be3 Qb6 6. Bxb6 axb6 7. b3 Bg4 8. Be2
Bxf3 9. Bxf3 Na6 10. Na4 Nd7 11. Bg4 Ndc5 12. Nxc5 bxc5 13. O-O Be7 14. a3 O-O
15. b4 cxb4 16. axb4 d5 17. exd5 cxd5 18. b5 Nc7 19. Rxa8 Nxa8 20. Bf3 Nb6 21.
Qe2 Bd6 22. c4 g6 23. cxd5 Ra8 24. Qb2 f6 25. Ra1 Rd8 26. Ra7 h5 27. d4 Nxd5 28.
Bxd5+ Kh7 29. Rxb7+ Kh6 30. Qd2+ g5 31. h4 Rg8 32. Be4 Ba3 33. hxg5+ fxg5 34.
Qc3 Rg7 35. Rxg7 Kxg7 36. Qxa3 1-0

[Event "Brasil X Espanha"]
[Site "http://www.queenalice.com/game.php?id=1187045"]
[Date "2013.6.2"]
[Round "-"]
[White "RubensFigueiredo"]
[Black "EL_CHICO"]
[Result "0-1"]
[WhiteElo "1686"]
[BlackElo "2188"]

1. e4 c5 2. c4 d6 3. d3 e5 4. Nc3 Nf6 5. h3 Nc6 6. Nf3 Be7 7. Bg5 Bd7 8. g4 Nxg4
9. Bxe7 Qxe7 10. hxg4 Bxg4 11. Nd5 Qd7 12. Be2 O-O-O 13. Rg1 h5 14. Ng5 Bxe2 15.
Qxe2 Nd4 16. Qe3 Nc2+ 17. Ke2 Nxe3 18. Kxe3 f6 19. Nf3 Rdf8 20. Nh4 Qh3+ 21. Ke2
Qxh4 22. Rxg7 Qh3 23. Ne7+ Kb8 24. Ng6 Qg4+ 25. f3 Qg2+ 26. Ke3 Rfg8 27. Rxg8+
Rxg8 28. Ne7 Rg3 29. Nf5 Rxf3# 0-1

[Event "Brasil X Equador"]
[Site "http://www.queenalice.com/game.php?id=1187046"]
[Date "2013.6.2"]
[Round "-"]
[White "RubensFigueiredo"]
[Black "RAMIROCHE"]
[Result "0-1"]
[WhiteElo "1682"]
[BlackElo "1891"]

1. e4 e5 2. Nf3 Nc6 3. Bc4 Nf6 4. Nc3 Be7 5. O-O d6 6. Re1 Bg4 7. h3 Be6 8. Bxe6
fxe6 9. d3 Qd7 10. Be3 O-O-O 11. d4 exd4 12. Nxd4 h6 13. a3 Ne5 14. b4 Nc4 15.
Bc1 g6 16. Ncb5 Kb8 17. a4 a6 18. Nc3 g5 19. b5 d5 20. exd5 exd5 21. bxa6 b6 22.
Ncb5 Ne4 23. Ne2 Nxf2 24. Kxf2 g4 25. a7+ Kb7 26. Ned4 gxh3 27. gxh3 Bh4+ 28.
Ke2 Rhe8+ 29. Kd3 Qxh3+ 30. Be3 Rxe3+ 31. Rxe3 Qxe3# 0-1

[Event "Brasil X Argentina"]
[Site "http://www.queenalice.com/game.php?id=1187047"]
[Date "2013.6.2"]
[Round "-"]
[White "RubensFigueiredo"]
[Black "Oscar1961"]
[Result "1-0"]
[WhiteElo "1684"]
[BlackElo "1318"]

1. e4 e5 2. Nf3 f6 3. Nc3 c6 4. Bc4 Nh6 5. d4 exd4 6. Nxd4 Bc5 7. Be3 Bxd4 8.
Qxd4 d5 9. exd5 cxd5 10. Qxd5 Nf5 11. Qf7# 1-0

[Event "Argentina X Brasil"]
[Site "http://www.queenalice.com/game.php?id=1187048"]
[Date "2013.6.2"]
[Round "-"]
[White "Oscar1961"]
[Black "RubensFigueiredo"]
[Result "0-1"]
[WhiteElo "1340"]
[BlackElo "1667"]

1. e4 e5 2. Nf3 Nc6 3. c3 Nf6 4. d3 Bc5 5. a3 d5 6. Bg5 dxe4 7. Nh4 h6 8. Bd2 g5
9. d4 exd4 10. g3 gxh4 11. gxh4 dxc3 12. bxc3 Bg4 13. Qc1 Qe7 14. Bb5 a6 15.
Bxc6+ bxc6 16. Bxh6 O-O-O 17. Qf4 Bd6 18. Qg5 Rdg8 19. Bg7 Rh5 20. Bxf6 Qe8 21.
Qf4 Bxf4 22. a4 e3 23. fxe3 Qxe3+ 24. Kf1 Qf3+ 25. Kg1 Be3# 0-1

[Event "Equador X Brasil"]
[Site "http://www.queenalice.com/game.php?id=1187049"]
[Date "2013.6.2"]
[Round "-"]
[White "RAMIROCHE"]
[Black "RubensFigueiredo"]
[Result "1-0"]
[WhiteElo "1899"]
[BlackElo "1674"]

1. e4 e5 2. Nf3 Nc6 3. Bb5 a6 4. Ba4 b5 5. Bb3 Bc5 6. c3 Nf6 7. d3 Ng4 8. O-O
Nxf2 9. Rxf2 Bxf2+ 10. Kxf2 d6 11. Bg5 f6 12. Bh4 g5 13. Bg3 h5 14. h3 g4 15.
hxg4 hxg4 16. Nh4 Ne7 17. a4 Bd7 18. axb5 axb5 19. Nd2 Rxa1 20. Qxa1 Bc6 21. Be6
d5 22. exd5 Bxd5 23. Bxg4 f5 24. Nxf5 Rf8 25. Qa6 Nxf5 26. Qg6+ Bf7 27. Qxf5 Qe7
28. Qc8+ Qd8 29. Bd7+ Ke7 30. Bh4+ Kd6 31. Ne4+ 1-0

[Event "Espanha X Brasil"]
[Site "http://www.queenalice.com/game.php?id=1187051"]
[Date "2013.6.2"]
[Round "-"]
[White "EL_CHICO"]
[Black "RubensFigueiredo"]
[Result "1-0"]
[WhiteElo "2189"]
[BlackElo "1684"]

1. e4 e5 2. Nf3 Nc6 3. Bc4 d6 4. Nc3 Nf6 5. Ng5 Be6 6. Nxe6 fxe6 7. Bxe6 Nd4 8.
Bc4 c6 9. a3 d5 10. exd5 cxd5 11. Ba2 Qd7 12. O-O Bc5 13. Ne2 Nxe2+ 14. Qxe2 Qd6
15. d3 O-O 16. c3 Rfe8 17. Bg5 h6 18. Bh4 e4 19. Bxf6 gxf6 20. dxe4 Rxe4 21.
Qxe4 Kf8 22. Bxd5 Re8 23. Qc4 b5 24. Qb3 Re5 25. Rad1 Qb6 26. c4 bxc4 27. Qxb6
axb6 28. Bxc4 Re2 29. Bxe2 1-0